Manual de psicología infantil

Gardado en:
Detalles Bibliográficos
Autor Principal: Anderson, John E (Author)
Formato: Libro
Idioma:Lingua castelá
Publicado: Buenos Aires El Ateneo 1957
Subjects:
Tags: Engadir etiqueta
Sen Etiquetas, Sexa o primeiro en etiquetar este rexistro!

MARC

LEADER 00000nam a2200000 a 4500
001 UCY5020
003 CL-VaPUC
008 950410e19570000AG |||||||||||||||||spa|d
082 0 4 |a 155.4  |b AND  |2 21 
100 0 |a Anderson, John E  |e author  |9 333592 
245 1 0 |a Manual de psicología infantil 
300 |a 1407 p 
942 |c BK 
945 |d 19950410 00:00:00  |a rbrito 
260 |a Buenos Aires  |b El Ateneo  |c 1957 
650 0 |a Psicología del niño  |9 307305 
583 |a last modification  |c 20130106 11:37:11  |k Rodrigo Vera 
999 |c 232755  |d 232753 
952 |0 0  |1 0  |4 0  |6 155_400000000000000_AND_1957  |7 0  |8 P  |9 237624  |a BIBEDU  |b BIBEDU  |c BIBEDU_PB  |d 2019-11-15  |i 3072495  |o 155.4 AND 1957  |p 3072495  |r 2024-01-25  |w 2019-11-15  |y BK  |k EDU